Cognitive computing and big data analytics

Uloženo v:
Podrobná bibliografie
Hlavní autoři: Hurwitz, Judith (Autor), Kaufman, Marcia (Autor), Bowles, Adrian (Autor)
Médium: Kniha
Jazyk:angličtina
Vydáno: Indianápolis John Wiley and Sons 2015
Vydání:1a. ed
Témata:
Tagy: Přidat tag
Žádné tagy, Buďte první, kdo vytvoří štítek k tomuto záznamu!

MARC

LEADER 00000cam a2200000 a 4500
001 UCC1471
003 CL-VaPUC
008 171025e20150000us |||||||||||||||||eng|d
020 |a 9781118896624 
082 0 4 |a 006.3  |b HUR  |2 21 
100 0 |a Hurwitz, Judith  |e author  |9 595564 
700 0 |a Kaufman, Marcia  |e author  |9 595565 
700 0 |a Bowles, Adrian  |e author  |9 595566 
245 1 0 |a Cognitive computing and big data analytics 
250 |a 1a. ed 
300 |a 266 p 
942 |c BK 
945 |d 20171025 21:08:00  |a arojas 
260 |a Indianápolis  |b John Wiley and Sons  |c 2015 
650 7 |a CIENCIA COGNITIVA  |2 CL-VaPUC  |9 324284 
650 7 |a INTELIGENCIA ARTIFICIAL  |2 CL-VaPUC  |9 595567 
650 0 |a Análisis de datos  |9 269871 
650 0 |a Lenguaje de computación  |9 370041 
583 |a last modification  |c 20171025 21:08:00  |k Rodrigo Vera 
999 |c 369969  |d 369967 
952 |0 0  |1 0  |3 erb  |4 0  |6 006_300000000000000_HUR_2015  |7 0  |8 A  |9 486164  |a BIBING  |b BIBING  |i 5432758  |o 006.3 HUR 2015  |p 5432758  |r 2025-01-20  |w 2019-11-24  |y BK  |z Catalogado en:20171025  |k EII